[Event "AUTO-OPEN-4079"]
[Site "http://www.queenalice.com/game.php?id=1590420"]
[Date "2019.11.18"]
[Round "2"]
[White "SubRoger"]
[Black "fontaine"]
[Result "0-1"]
[WhiteElo "1990"]
[BlackElo "2680"]

1. d4 d5 2. c4 c6 3. Nc3 dxc4 4. e4 b5 5. d5 a6 6. Nf3 Bb7 7. Be2 cxd5 8. exd5
Nf6 9. O-O Nbd7 10. Bf4 Nb6 11. h3 Nbxd5 12. Nxd5 Nxd5 13. Bh2 e6 14. a3 Bd6 15.
Bxd6 Qxd6 16. Qc2 h6 17. Rad1 O-O 18. Rfe1 Rad8 19. Bf1 Qc7 0-1

[Event "AUTO-OPEN-4079"]
[Site "http://www.queenalice.com/game.php?id=1609209"]
[Date "2020.4.25"]
[Round "3"]
[White "fontaine"]
[Black "Walbrodt"]
[Result "0-1"]
[WhiteElo "2696"]
[BlackElo "2861"]

1. e4 c5 2. Nf3 d6 3. c3 Nf6 4. Qc2 Qc7 5. h3 b6 6. Be2 g6 7. Bc4 Bb7 8. d3 a6
9. a4 d5 10. exd5 Nxd5 11. O-O Bg7 12. Nbd2 O-O 13. Ne4 Nd7 14. Re1 e6 15. h4
Nf4 16. Be3 Nf6 17. Qd2 N6h5 18. g3 e5 19. Nfg5 h6 20. Nxf7 Rxf7 21. a5 Rd8 22.
axb6 Qc8 23. Bxf4 exf4 24. Bxf7+ Kxf7 25. Qe2 fxg3 26. fxg3 Kg8 27. Qe3 Qh3 28.
Re2 c4 29. dxc4 Bf8 30. b4 a5 31. Rh2 Qg4 32. Nf2 Qxc4 33. Rxa5 Bd6 34. Rxh5
gxh5 35. Qxh6 Qxc3 36. Qg5+ Kf7 37. Qxh5+ Ke6 38. Qg4+ Ke7 39. Rg2 Bf3 40. Qg5+
Kd7 41. Qf5+ Kc6 0-1

[Event "AUTO-OPEN-4079"]
[Site "http://www.queenalice.com/game.php?id=1609210"]
[Date "2020.4.25"]
[Round "3"]
[White "Walbrodt"]
[Black "fontaine"]
[Result "1-0"]
[WhiteElo "2866"]
[BlackElo "2691"]

1. d4 d5 2. c4 c6 3. Nf3 dxc4 4. e3 Be6 5. Nc3 h6 6. e4 Nf6 7. Ne5 b5 8. a4 Qa5
9. Bd2 b4 10. f4 Bc8 11. Bxc4 e6 12. Ne2 Nxe4 13. Ng3 Nxd2 14. Qxd2 Nd7 15. O-O
Nxe5 16. fxe5 Ba6 17. Bxa6 Qxa6 18. Qf4 Qb7 19. Rac1 Qd7 20. Rc4 Rc8 21. Nh5 Rc7
22. b3 Qd5 23. Qg4 Rh7 24. Kh1 Rc8 25. Nf4 h5 26. Qe2 Qd7 27. d5 exd5 28. e6 Qd6
29. Nxd5 fxe6 30. Nxb4 Rh6 31. Rd1 Qb8 32. Nxc6 Qb7 33. Qd3 Ra8 34. Ne5 Rb8 35.
Rd4 Qc7 36. Ng6 Kf7 37. Rd7+ Qxd7 38. Ne5+ Kg8 39. Qxd7 Rf6 40. g4 hxg4 41. Nxg4
Rg6 42. Rf1 1-0

[Event "Let's Play Chess!"]
[Site "http://www.queenalice.com/game.php?id=1616873"]
[Date "2020.6.16"]
[Round "-"]
[White "fontaine"]
[Black "Tenor"]
[Result "1-0"]
[WhiteElo "2683"]
[BlackElo "1546"]

1. g4 e5 2. Bg2 d5 3. d4 e4 4. c4 Bxg4 5. Qb3 Bc8 6. cxd5 c5 7. Be3 Na6 8. Nc3
f5 9. dxc5 Nxc5 10. Bxc5 Bd6 11. Bxd6 Qxd6 12. Nb5 Qd7 13. Rc1 Ne7 14. Nc7+ Kd8
15. Nxa8 Nxd5 16. Rd1 Ke7 17. Rxd5 Qe6 18. Nh3 Rd8 19. Qa3+ Kf6 20. Rxd8 Qe7 21.
Rf8+ Ke6 22. Nf4+ Kd7 23. Qa4+ Kd6 24. Qd4+ Kc6 25. Qd5# 1-0

[Event "Let's Play Chess!"]
[Site "http://www.queenalice.com/game.php?id=1616874"]
[Date "2020.6.16"]
[Round "-"]
[White "Tenor"]
[Black "fontaine"]
[Result "0-1"]
[WhiteElo "1544"]
[BlackElo "2684"]

1. e4 e6 2. e5 d5 3. d4 c5 4. b3 Nc6 5. Bb5 Qa5+ 6. Nc3 Qxc3+ 7. Bd2 Qxd4 8. Nf3
Qe4+ 9. Kf1 c4 10. Qe2 Qxc2 11. Bf4 Qxe2+ 12. Kxe2 cxb3 13. a4 a6 14. Bxc6+ bxc6
15. Nd4 b2 16. Rab1 c5 17. Nc6 Bd7 18. Na5 Rb8 19. Bc1 bxc1=N+ 20. Rbxc1 Bxa4
21. Rxc5 Bxc5 22. Rc1 Rb2+ 23. Kf3 Rxf2+ 0-1

[Event "Let's Play Chess!"]
[Site "http://www.queenalice.com/game.php?id=1616877"]
[Date "2020.6.16"]
[Round "-"]
[White "fontaine"]
[Black "igorjava"]
[Result "1-0"]
[WhiteElo "2681"]
[BlackElo "1937"]

1. d4 e6 2. c4 b6 3. e4 Bb7 4. Bd3 d5 5. cxd5 exd5 6. e5 c5 7. Nf3 c4 8. Bc2 Ne7
9. O-O Ng6 10. e6 fxe6 11. Ng5 Bc8 12. Qh5 Kd7 13. Bxg6 Qf6 14. Nxe6 Qxg6 15.
Qxd5+ Ke8 16. Nc7+ 1-0

[Event "Let's Play Chess!"]
[Site "http://www.queenalice.com/game.php?id=1616878"]
[Date "2020.6.16"]
[Round "-"]
[White "igorjava"]
[Black "fontaine"]
[Result "0-1"]
[WhiteElo "1931"]
[BlackElo "2682"]

1. e4 c6 2. Nf3 d5 3. exd5 cxd5 4. d4 Nf6 5. c4 g6 6. Bf4 Bg7 7. Nc3 O-O 8. c5
Nc6 9. Be2 Ne4 10. Bb5 Nxd4 11. Nxd4 e5 12. Nf3 exf4 13. Nxd5 Qa5+ 14. Nd2 Nxd2
15. Be2 Nb3+ 16. Kf1 Nxa1 17. Qxa1 Rd8 18. Nc3 Rd2 19. Ke1 Rxb2 0-1

[Event "Let's Play Chess!"]
[Site "http://www.queenalice.com/game.php?id=1616881"]
[Date "2020.6.16"]
[Round "-"]
[White "fontaine"]
[Black "ulisses34"]
[Result "1-0"]
[WhiteElo "2682"]
[BlackElo "1761"]

1. d4 d5 2. c4 b6 3. cxd5 Qxd5 4. Nc3 Qd8 5. Nf3 e6 6. e4 Be7 7. Qa4+ c6 8. e5
b5 9. Qc2 Bb4 10. a3 Ba5 11. b4 Bb6 12. Ne4 Bxd4 13. Nd6+ Ke7 14. Nxd4 Bd7 15.
Qd1 f6 16. Be3 Nh6 17. Qh5 Be8 18. exf6+ Kd7 19. Nxe8 Qxe8 20. fxg7 1-0

[Event "Let's Play Chess!"]
[Site "http://www.queenalice.com/game.php?id=1616882"]
[Date "2020.6.16"]
[Round "-"]
[White "josebaron"]
[Black "fontaine"]
[Result "1/2-1/2"]
[WhiteElo "2446"]
[BlackElo "2685"]

1. e4 e6 2. d4 d5 3. Nc3 Bb4 4. exd5 exd5 5. a3 Bxc3+ 6. bxc3 Nf6 7. f3 O-O 8.
Ne2 b6 9. Kf2 Ba6 10. Ng3 Bxf1 11. Qxf1 Nc6 12. Qd3 Re8 13. Bf4 g6 14. Qd2 Na5
15. Bh6 Nd7 16. Qf4 Nf8 17. Qg4 Ne6 18. h4 Nc4 19. Rae1 c6 20. h5 Qf6 21. a4
1/2-1/2

[Event "Let's Play Chess!"]
[Site "http://www.queenalice.com/game.php?id=1617004"]
[Date "2020.6.18"]
[Round "-"]
[White "fontaine"]
[Black "igorjava"]
[Result "1-0"]
[WhiteElo "2680"]
[BlackElo "1932"]

1. d4 d5 2. c4 c6 3. Nf3 Nf6 4. Nc3 a6 5. c5 b6 6. cxb6 Qxb6 7. Na4 Qc7 8. g3
Bg4 9. Bf4 Qa5+ 10. Nd2 Ne4 11. a3 Bd7 12. b4 Qb6 13. Nxb6 1-0

[Event "Let's Play Chess!"]
[Site "http://www.queenalice.com/game.php?id=1617005"]
[Date "2020.6.18"]
[Round "-"]
[White "igorjava"]
[Black "fontaine"]
[Result "0-1"]
[WhiteElo "2053"]
[BlackElo "2689"]

1. e4 e6 2. Nf3 d5 3. exd5 exd5 4. d4 Nf6 5. Bg5 h6 6. Bh4 Bd6 7. Nc3 c6 8. Be2
O-O 9. O-O Re8 10. a3 Bg4 11. Re1 Nbd7 12. h3 Bxf3 13. Bxf3 Rxe1+ 14. Qxe1 Qb6
15. Ne2 Qxb2 16. Qc1 Qxc1+ 17. Nxc1 Re8 18. Nd3 Ne4 19. Bg4 Nb6 20. Nb4 Nc4 21.
Bd1 a5 22. Nd3 Nxa3 23. f3 Nc3 24. Ne1 Nc4 25. Bf2 Nb2 26. Rxa5 Nbxd1 0-1

[Event "Let's Play Chess!"]
[Site "http://www.queenalice.com/game.php?id=1617006"]
[Date "2020.6.17"]
[Round "-"]
[White "fontaine"]
[Black "igorjava"]
[Result "1-0"]
[WhiteElo "2683"]
[BlackElo "1987"]

1. Nf3 d5 2. d4 Nf6 3. c4 c6 4. Nc3 dxc4 5. a4 Nd5 6. e4 Nxc3 7. bxc3 b5 8. Ne5
e6 9. Qh5 g6 10. Qf3 f6 11. Ng4 Bg7 12. axb5 Bb7 13. Bxc4 Qe7 14. bxc6 Nxc6 15.
Ba3 Qf7 16. Rb1 Rb8 17. d5 Nd8 18. dxe6 Nxe6 19. Bb5+ Kd8 20. Ne5 Qc7 21. Qd1+
Kc8 22. Bd7+ 1-0

[Event "Let's Play Chess!"]
[Site "http://www.queenalice.com/game.php?id=1617007"]
[Date "2020.6.17"]
[Round "-"]
[White "Cuxtal"]
[Black "fontaine"]
[Result "1/2-1/2"]
[WhiteElo "2701"]
[BlackElo "2683"]

1. c4 e5 2. Nc3 Nc6 3. g3 Nf6 4. Bg2 Bc5 5. e3 d5 6. cxd5 Nb4 7. Nf3 Nd3+ 8. Ke2
Nxd5 9. Qa4+ Bd7 10. Qe4 N5b4 11. Nxe5 f5 12. Qc4 Nxe5 13. Qxc5 Nbd3 14. Qd4 f4
15. exf4 Bg4+ 16. Ke3 Qxd4+ 17. Kxd4 O-O-O+ 18. Nd5 Nf3+ 19. Kxd3 Rxd5+ 20. Kc3
Re8 21. d4 Rd6 22. Be3 Rc6+ 23. Kb4 Rb6+ 24. Kc3 Rc6+ 25. Kb4 1/2-1/2

[Event "Let's Play Chess!"]
[Site "http://www.queenalice.com/game.php?id=1617329"]
[Date "2020.6.20"]
[Round "-"]
[White "fontaine"]
[Black "igorjava"]
[Result "1-0"]
[WhiteElo "2688"]
[BlackElo "2055"]

1. e4 c5 2. Nf3 d6 3. c3 Nf6 4. Be2 Nxe4 5. Qa4+ Nc6 6. Qxe4 g6 7. d4 Bf5 8. Qh4
Bg7 9. dxc5 dxc5 10. O-O e5 11. Bg5 f6 12. Be3 Qe7 13. Qc4 b6 14. Qa4 Bd7 15.
Bb5 Nb8 16. Rd1 Bxb5 17. Qxb5+ Kf7 18. Nbd2 Qc7 19. Ne4 Bf8 20. Qc4+ Kg7 21.
Nfg5 fxg5 22. Nxg5 Kf6 23. Ne6 Qc8 24. Bg5+ Kf7 25. Nd8+ 1-0

[Event "Let's Play Chess!"]
[Site "http://www.queenalice.com/game.php?id=1617330"]
[Date "2020.6.20"]
[Round "-"]
[White "igorjava"]
[Black "fontaine"]
[Result "0-1"]
[WhiteElo "2046"]
[BlackElo "2693"]

1. e4 c5 2. Nf3 d6 3. d4 cxd4 4. Nxd4 Nf6 5. Nc3 a6 6. a3 g6 7. Bc4 Bg7 8. O-O
O-O 9. Bg5 Qc7 10. Bb3 Nbd7 11. Qd2 b5 12. Bh6 Bb7 13. Bxg7 Kxg7 14. f3 Rac8 15.
Rac1 e5 16. Nde2 Nb6 17. Rfd1 Rfd8 18. Kh1 d5 19. exd5 Bxd5 20. Nxd5 Nbxd5 21.
Qg5 h6 22. Qh4 Ne3 23. Rxd8 Rxd8 24. h3 Rd2 25. Qe1 Qd7 26. Qf2 Nf5 27. Qe1 Rxe2
0-1

[Event "Let's Play Chess!"]
[Site "http://www.queenalice.com/game.php?id=1617331"]
[Date "2020.6.20"]
[Round "-"]
[White "fontaine"]
[Black "igorjava"]
[Result "1-0"]
[WhiteElo "2684"]
[BlackElo "2047"]

1. d4 d5 2. c4 c6 3. Nf3 Nf6 4. Nc3 e6 5. e3 a6 6. b3 b5 7. Bd3 dxc4 8. bxc4
Nbd7 9. O-O Bb4 10. Ne4 O-O 11. Nxf6+ Nxf6 12. Qb3 Bd6 13. e4 Bb7 14. e5 Bxe5
15. dxe5 Nd7 16. Bxh7+ Kxh7 17. Ng5+ Kg8 18. Qh3 Re8 19. Qh7+ Kf8 20. Qh5 Nxe5
21. Ba3+ Re7 22. Qh8# 1-0

[Event "Let's Play Chess!"]
[Site "http://www.queenalice.com/game.php?id=1617332"]
[Date "2020.6.20"]
[Round "-"]
[White "igorjava"]
[Black "fontaine"]
[Result "0-1"]
[WhiteElo "2023"]
[BlackElo "2694"]

1. e4 Nf6 2. e5 Nd5 3. c4 Nb6 4. f4 c5 5. Nf3 d6 6. Nc3 Nc6 7. Be2 dxe5 8. fxe5
Bf5 9. a3 e6 10. O-O Nd4 11. b3 Bc2 12. Qe1 Nxe2+ 13. Qxe2 Bd3 14. Qe3 Bxf1 15.
Kxf1 Be7 16. Bb2 O-O 17. Rd1 Nd7 18. Kg1 Rb8 19. Kh1 Qc7 20. Nb5 Qb6 21. d4 Rbd8
22. dxc5 Bxc5 23. Nbd4 f6 24. Qe4 fxe5 25. Ne2 Nf6 26. Qc2 Rxd1+ 27. Qxd1 Ng4
28. Qc2 Qc6 29. h3 Rxf3 30. hxg4 Rh3# 0-1

[Event "AUTO-ELITE-2249"]
[Site "http://www.queenalice.com/game.php?id=1619284"]
[Date "2020.7.5"]
[Round "1"]
[White "capaputi"]
[Black "fontaine"]
[Result "0-1"]
[WhiteElo "2238"]
[BlackElo "2685"]

1. e4 c6 2. d4 d5 3. Nc3 dxe4 4. Nxe4 Nd7 5. Nf3 Ngf6 6. Neg5 h6 7. Ne6 fxe6 8.
Bd3 Qa5+ 9. Bd2 Qh5 10. Qe2 g5 11. O-O-O g4 12. Ne5 Nxe5 13. dxe5 Nd7 14. h3 Bg7
15. hxg4 Qxe5 16. Qxe5 Nxe5 17. Be2 Nf7 18. f4 e5 19. g3 Be6 20. a3 O-O-O 21.
Bc3 Rxd1+ 22. Bxd1 Rg8 23. f5 Bd5 24. Rh2 e6 25. Be2 Bf6 26. Be1 Bg5+ 27. Kb1
Kd7 28. Bf2 exf5 29. gxf5 Nd6 30. g4 Nxf5 31. Bxa7 Ng3 32. Rf2 Nxe2 33. Rxe2 Bf4
0-1

[Event "AUTO-ELITE-2249"]
[Site "http://www.queenalice.com/game.php?id=1619285"]
[Date "2020.7.5"]
[Round "1"]
[White "fontaine"]
[Black "capaputi"]
[Result "1-0"]
[WhiteElo "2692"]
[BlackElo "2252"]

1. d4 d5 2. c4 e6 3. Nf3 Nf6 4. Nc3 c6 5. Bg5 Nbd7 6. cxd5 exd5 7. e3 Be7 8. Qc2
O-O 9. Bd3 Re8 10. O-O h6 11. Bf4 Nf8 12. h3 Bd6 13. Rfe1 Bxf4 14. exf4 Rxe1+
15. Rxe1 Qd6 16. Ne5 Ne6 17. Ne2 c5 18. dxc5 Nxc5 19. Rc1 Nxd3 20. Qxc8+ Rxc8
21. Rxc8+ Kh7 22. Rh8+ Kxh8 23. Nxf7+ Kg8 24. Nxd6 Nxb2 25. Nxb7 Kf7 26. Nd6+
Ke6 27. Nb5 a5 28. f3 Nd3 29. Ned4+ Kd7 30. f5 Nb4 31. a3 Nc6 32. Ne6 g6 33.
Nf8+ Ke8 34. Nxg6 Ne7 35. Nxe7 Kxe7 36. Kf2 Kd7 37. g4 Kc6 38. Nd4+ Kc5 39. Ke3
Kc4 40. h4 1-0

[Event "AUTO-ELITE-2249"]
[Site "http://www.queenalice.com/game.php?id=1619288"]
[Date "2020.7.5"]
[Round "1"]
[White "trompmaster"]
[Black "fontaine"]
[Result "0-1"]
[WhiteElo "2386"]
[BlackElo "2690"]

1. d4 d5 2. Nf3 Nf6 3. g3 c6 4. Bg2 Bf5 5. c4 e6 6. Nc3 h6 7. Qb3 Qb6 8. c5 Qxb3
9. axb3 Na6 10. Ra4 Nd7 11. Be3 g5 12. Kd2 Nc7 13. h4 g4 14. Nh2 e5 15. f4 Nxc5
16. dxc5 d4 17. Bf2 dxc3+ 18. bxc3 O-O-O+ 19. Kc1 h5 20. Nf1 Nb5 21. Ne3 Bh7 22.
Nc4 exf4 23. Kb2 Bg7 24. Rc1 Rhe8 25. Bf1 Nxc3 26. Rxc3 Rd1 27. Nd6+ Kd7 28. Bd4
Bxd4 29. Rxd4 Rxd4 30. Nxe8 Kxe8 31. e3 Rd1 32. Rc1 Rxc1 33. Kxc1 fxg3 34. b4
Be4 0-1

[Event "AUTO-ELITE-2249"]
[Site "http://www.queenalice.com/game.php?id=1619289"]
[Date "2020.7.5"]
[Round "1"]
[White "fontaine"]
[Black "trompmaster"]
[Result "1-0"]
[WhiteElo "2686"]
[BlackElo "2389"]

1. e4 d6 2. d4 Nf6 3. Nc3 Nbd7 4. f4 e5 5. Nf3 exd4 6. Qxd4 c6 7. Bd2 Qb6 8.
O-O-O Be7 9. g3 Qxd4 10. Nxd4 Nc5 11. Bg2 Ng4 12. Rde1 Nh6 13. h3 f6 14. e5 O-O
15. e6 f5 16. b4 Na6 17. b5 cxb5 18. Nd5 Re8 19. Nxb5 Rb8 20. Nxa7 Nc5 21. Bb4
Bf6 22. Nb5 Rxe6 23. Nxf6+ Rxf6 24. Bxc5 dxc5 25. Re8+ Rf8 26. Bd5+ Nf7 27. Rhe1
Bd7 28. Bxf7+ Kxf7 29. R8e7+ Kf6 30. Rxd7 1-0

[Event "USA & EUROPE"]
[Site "http://www.queenalice.com/game.php?id=1620322"]
[Date "2020.7.14"]
[Round "2"]
[White "greggy"]
[Black "fontaine"]
[Result "1-0"]
[WhiteElo "2857"]
[BlackElo "2687"]

1. e4 e6 2. d4 d5 3. Nd2 c5 4. Ngf3 cxd4 5. exd5 Qxd5 6. Bc4 Qd6 7. O-O Nf6 8.
Nb3 Nc6 9. Nbxd4 Nxd4 10. Nxd4 a6 11. Re1 Qc7 12. Bd3 Bd6 13. h3 O-O 14. Bg5
Bh2+ 15. Kh1 Be5 16. c3 h6 17. Nf3 Bxc3 18. Rc1 hxg5 19. Rxc3 Qd8 20. Qd2 g4 21.
Ne5 Bd7 22. hxg4 Nd5 23. Ra3 Be8 24. Bb1 f6 25. Ng6 Bxg6 26. Bxg6 Qd6 27. g3
Rfd8 28. Rd3 Qc6 29. Rc1 1-0